Designing for Windows 8 Fundamentals of Great Design in Windows Store Apps /

Designing for Windows 8 is a fast-paced, 150-page primer on the key design concepts you need to create successful Windows 8 apps. This book will help you design a user interface that is both delightful and effective, feels ‘right’ to your users, and encapsulates a great Windows 8 experience. In this...

Full description

Bibliographic Details
Main Author: Schooley, Brent (Author)
Corporate Author: SpringerLink (Online service)
Format: Electronic eBook
Language:English
Published: Berkeley, CA : Apress : Imprint: Apress, 2013.
Subjects:
Online Access:Full Text via HEAL-Link
LEADER 02295nam a22004215i 4500
001 978-1-4302-4960-3
003 DE-He213
005 20151123195004.0
007 cr nn 008mamaa
008 130402s2013 xxu| s |||| 0|eng d
020 |a 9781430249603  |9 978-1-4302-4960-3 
024 7 |a 10.1007/978-1-4302-4960-3  |2 doi 
040 |d GrThAP 
050 4 |a QA76.9.U83 
050 4 |a QA76.9.H85 
072 7 |a UYZG  |2 bicssc 
072 7 |a COM070000  |2 bisacsh 
082 0 4 |a 005.437  |2 23 
082 0 4 |a 4.019  |2 23 
100 1 |a Schooley, Brent.  |e author. 
245 1 0 |a Designing for Windows 8  |h [electronic resource] :  |b Fundamentals of Great Design in Windows Store Apps /  |c by Brent Schooley. 
264 1 |a Berkeley, CA :  |b Apress :  |b Imprint: Apress,  |c 2013. 
300 |a XIII, 168 p.  |b online resource. 
336 |a text  |b txt  |2 rdacontent 
337 |a computer  |b c  |2 rdamedia 
338 |a online resource  |b cr  |2 rdacarrier 
347 |a text file  |b PDF  |2 rda 
520 |a Designing for Windows 8 is a fast-paced, 150-page primer on the key design concepts you need to create successful Windows 8 apps. This book will help you design a user interface that is both delightful and effective, feels ‘right’ to your users, and encapsulates a great Windows 8 experience. In this book, you will: Meet the building blocks of solid Windows 8 UI design in a well-designed sample app. Learn how to incorporate key design elements into your apps, such as the app bar, charms and subtle animations from the animation library. Find out how to deliver the core experience that your users expect from Windows 8. Learn how to make your app stand out from thousands of others in the Windows Store. It’s now time to create the next generation of Windows applications. Arm yourself with design tactics and join in on this wonderful opportunity! 
650 0 |a Computer science. 
650 0 |a User interfaces (Computer systems). 
650 1 4 |a Computer Science. 
650 2 4 |a User Interfaces and Human Computer Interaction. 
710 2 |a SpringerLink (Online service) 
773 0 |t Springer eBooks 
776 0 8 |i Printed edition:  |z 9781430249597 
856 4 0 |u http://dx.doi.org/10.1007/978-1-4302-4960-3  |z Full Text via HEAL-Link 
912 |a ZDB-2-CWD 
950 |a Professional and Applied Computing (Springer-12059)